| 000 | 00635nam a2200229Ia 4500 | ||
|---|---|---|---|
| 003 | OSt | ||
| 005 | 20250726160227.0 | ||
| 008 | 210423s2002 xx 000 0 und d | ||
| 020 | _a8170998352 | ||
| 040 | _cAL | ||
| 041 | _aEnglish | ||
| 082 |
_a307.762 _bMISP |
||
| 100 |
_aAnil Dutta Mishra _9110257 |
||
| 245 | _aPanchayati raj gandhian perspective | ||
| 260 |
_aNew Delhi _bMittal Publications _c2002 |
||
| 365 |
_b395 _cINR |
||
| 650 |
_aSociology _9110258 |
||
| 650 |
_aUrban Communities _9110259 |
||
| 700 |
_aDadage, Mahadev Shivappa _9220381 |
||
| 906 | _agandhian ; Panchayati ; perspective ; raj | ||
| 942 |
_2ddc _cBK |
||
| 999 |
_c172649 _d172649 |
||